| 000 | 00502nam a2200169Ia 4500 | ||
|---|---|---|---|
| 999 |
_c1659 _d1659 |
||
| 003 | OSt | ||
| 005 | 20200928132149.0 | ||
| 008 | 190216s9999||||xx |||||||||||||| ||und|| | ||
| 040 | _coclc | ||
| 082 |
_a581.012 _bJOH/T |
||
| 100 |
_aJohri, R M _95080 |
||
| 245 | 0 |
_aTaxonomy-1 : _bSystematics And Morphology / _cR M Johri ; Sneh Lata |
|
| 260 |
_bSonali Publications, _aNew Delhi: _c2005. |
||
| 300 | _a330p | ||
| 650 | _aBotany | ||
| 942 |
_cBK _2ddc _h581.012 _iJOH/T _k581.012 _mJOH/T |
||